Normal view MARC view
  • NOTARI, ROBERT E

Entry Personal Name

Number of records used in: 1

001 - CONTROL NUMBER

  • control field: 7748

003 - CONTROL NUMBER IDENTIFIER

  • control field: JRU

005 - DATE AND TIME OF LATEST TRANSACTION

  • control field: 20230403161244.0

008 - FIXED-LENGTH DATA ELEMENTS

  • fixed length control field: 230403|| aca||aabn | a|a d

040 ## - CATALOGING SOURCE

  • Original cataloging agency: JRU
  • Transcribing agency: JRU

100 ## - HEADING--PERSONAL NAME

  • Personal name: NOTARI, ROBERT E

670 ## - SOURCE DATA FOUND

  • Source citation: Work cat.: (JRU)8285: NOTARI, ROBERT E. , BIOPHARMACEUTICS AND CLINICAL PHARMACOKINETICS AN INTRODUCTION , 2019